|
|
|
|
| LEADER |
01492nam a2200349 4500 |
| 001 |
DLU110122357 |
| 005 |
##20110607 |
| 040 |
# |
# |
|a DLU
|b vie
|
| 041 |
# |
# |
|a vie
|
| 044 |
# |
# |
|a vn
|
| 082 |
# |
# |
|a 660.607 8
|b NG-L
|
| 100 |
# |
# |
|a Nguyễn Đức Lượng.
|
| 245 |
# |
# |
|a Thí nghiệm công nghệ sinh học.
|n t.I,
|p Thí nghiệm hoá sinh học /
|c Nguyễn Đức Lượng, Cao Cường.
|
| 260 |
# |
# |
|a TP. HCM :
|b Đại học Quốc gia,
|c 2003.
|
| 300 |
# |
# |
|a 183 tr. :
|b minh hoạ ;
|c 27 cm.
|
| 504 |
# |
# |
|a Tài liệu tham khảo: tr.183.
|
| 505 |
# |
# |
|a Chương 1. Các nguyên tắc trong thí nghiệm hoá sinh học -- Chương 2. Phương pháp xác định Carbohydrate -- Chương 3. Phương pháp xác định Anino acid và protein -- Chương 4. Phương pháp xác định nucleic acid -- Chương 5. Phương pháp xác định hoạt tính enzyme -- Chương 6. Các phương pháp xác định lipid -- Chương 7. Phương pháp xác định vitamin -- Chương 8. Một số phương pháp hoá sinh trong y học -- Chương 9. Phương pháp xác định các chất khoáng.
|
| 650 |
# |
# |
|a Công nghệ vi sinh
|x Thí nghiệm.
|
| 650 |
# |
# |
|a Hoá sinh học
|x Thí nghiệm.
|
| 700 |
# |
# |
|a Cao Cường.
|
| 923 |
# |
# |
|a 01/2011SH
|
| 990 |
# |
# |
|a t.I
|
| 991 |
# |
# |
|a GT
|
| 992 |
# |
# |
|a 16000
|
| 994 |
# |
# |
|a KSH
|
| 900 |
# |
# |
|a True
|
| 911 |
# |
# |
|a Đào Thị Thu Huyền
|
| 925 |
# |
# |
|a G
|
| 926 |
# |
# |
|a A
|
| 927 |
# |
# |
|a SH
|
| 980 |
# |
# |
|a Thư viện Trường Đại học Đà Lạt
|